LANGUAGE MIND AND VALUE: PHILOSOPHICAL ESSAYS/

INDICE

Guardado en:
Detalles Bibliográficos
Autor principal: Findlay, J.N (autor)
Formato: Libro
Temas:
Etiquetas: Agrega una etiqueta
Sin etiquetas, Sé el primero en etiquetar este registro!

MARC

LEADER 00000nam^a2200000^a^4500
001 000215572
005 20250521000000.0
009 20260310103628.528
035 |a 027655 
037 |a Acervo Xavier Clavigero 
082 |a 102.  |b FIN 
100 |a Findlay, J.N.  |e (autor) 
245 1 0 |a LANGUAGE MIND AND VALUE:  |b PHILOSOPHICAL ESSAYS/  |c J.N. FINDLAY 
264 |a LONDON :  |b GEORGE ALLEN AND UNWIN LTD,  |c 1963 
300 |a 259p. 
336 |a texto  |b txt  |2 rdacontenido 
337 |a sin mediación  |b n  |2 rdamedio 
338 |a volumen  |b nc  |2 rdasoporte 
520 |a INDICE 
649 |a XX 
650 |a Filosofía 
650 |a Etica 
650 |a LOGICA 
910 |a Fondo General 
920 |a Impresos - Libros 
930 |a Colección General 
905 |a 101 
901 |a 027655  |b IT1  |c ACC  |i 027655  |u 20250521 
902 |a https://opac.biblio.iteso.mx/vufind/Record/000215572